বৃষ্টি ঝরা গান / (Record no. 8135)
[ view plain ]
| 000 -LEADER | |
|---|---|
| fixed length control field | 00666nam a2200217 a 4500 |
| 001 - CONTROL NUMBER | |
| JCCL Control Number | 8135 |
| 003 - CONTROL NUMBER IDENTIFIER | |
| JCCL marc code | BD-JhCC |
| 005 - DATE AND TIME OF LATEST TRANSACTION | |
| control field | 20180218200215.0 |
| 008 - FIXED-LENGTH DATA ELEMENTS--GENERAL INFORMATION | |
| fixed length control field | 180218s19602011bg |||| ||a| 000 0 b d |
| 035 ## - SYSTEM CONTROL NUMBER | |
| system control number | (BD-JhCC)8135 |
| 040 ## - CATALOGING SOURCE | |
| Original cataloging agency | BD-JhCC |
| Modifying agency | BD-JhCC |
| 041 ## - LANGUAGE CODE | |
| Language code of Book | ben |
| 082 ## - DEWEY DECIMAL CLASSIFICATION NUMBER | |
| Classification number | 780 |
| Author mark and Year | RAH 1960 |
| 100 ## - MAIN ENTRY--PERSONAL NAME | |
| Personal name | রহমান,মুহম্মদ শামসুর. |
| 245 ## - TITLE STATEMENT | |
| Title | বৃষ্টি ঝরা গান / |
| Statement of responsibility, etc | মুহম্মদ শামসুর রহমান |
| 260 ## - PUBLICATION, DISTRIBUTION, ETC. (IMPRINT) | |
| Place of publication, distribution, etc | ঢাকা : |
| Name of publisher, distributor, etc | জামান প্রিন্টার্স ; |
| Date of publication, distribution, etc | 1960. |
| 300 ## - PHYSICAL DESCRIPTION | |
| Pagination | 58 p. : |
| Dimensions | 22 cm. |
| 651 ## - SUBJECT ADDED ENTRY--GEOGRAPHIC NAME | |
| Geographic name | Music |
| 942 ## - ADDED ENTRY ELEMENTS (KOHA) | |
| Source of classification or shelving scheme | Library of Congress Classification |
| Koha item type | Books |
| Source of classification or shelving scheme | Damaged status | Not for loan | Home library | Current library | Shelving location | Date of accession | Cost, normal purchase price | Total Checkouts | Full call number | Barcode | Date last seen | Copy number | Koha item type |
|---|---|---|---|---|---|---|---|---|---|---|---|---|---|
| Dewey Decimal Classification | JCC Rouf Library | JCC Rouf Library | General Stacks | 02/18/2018 | 100.00 | 780 RAH 1960 | 10671 | 02/18/2018 | C-1 | Books |